000
00281nam a2200097Ia 4500
001
1195426
005
20250827021747.0
008
250824s9999 xx 000 0 und d
245
0
_a
KESİK BAŞ / ÖLÜM BİR KURTULUŞ MUDUR
_c
HÜSEYİN RAHMİ GÜRPINAR
260
_b
EVEREST YAYINLARI
999
_c
1195426
_d
1195426